Shakespeare's land : a journey through the landscape of Elizabethan England /

Bibliographic Details
Main Author: Rowse, A. L. (Alfred Leslie), 1903-1997
Other Authors: Hedgecoe, John
Format: Book
Language:English
Published: San Francisco, CA : Chronicle Books, 1987.
Subjects:

MARC

Tag First Indicator Second Indicator Subfields
LEADER 00000cam a2200000 a 4500
001 in00000015641
005 20151007052550.0
008 870304s1987 caua 00110 eng
010 |a  87006576  
020 |a 0877014620 (pbk.) 
035 |a (OCoLC)15366710 
035 |9 AAA8314AM 
040 |a DLC  |c DLC  |d TXA  |d UtOrBLW 
043 |a e-uk-en 
049 |a TXAM  |c [A11062842] 
050 0 0 |a PR2915  |b .R68 1987 
082 0 |a 822.3/3  |a B  |2 19 
100 1 |a Rowse, A. L.  |q (Alfred Leslie),  |d 1903-1997. 
245 1 0 |a Shakespeare's land :  |b a journey through the landscape of Elizabethan England /  |c A.L. Rowse, John Hedgecoe. 
264 1 |a San Francisco, CA :  |b Chronicle Books,  |c 1987. 
300 |a 200 pages :  |b illustrations (some color) ;  |c 29 cm. 
336 |a text  |b txt  |2 rdacontent 
337 |a unmediated  |b n  |2 rdamedia 
338 |a volume  |b nc  |2 rdacarrier 
500 |a Includes index. 
600 1 0 |a Shakespeare, William,  |d 1564-1616  |x Homes and haunts  |v Pictorial works. 
600 1 0 |a Shakespeare, William,  |d 1564-1616  |v Pictorial works. 
650 0 |a Literary landmarks  |z England  |v Pictorial works. 
651 0 |a England  |v Pictorial works. 
650 0 |a Historic sites  |z England  |v Pictorial works. 
700 1 |a Hedgecoe, John. 
999 |a MARS 
999 f f |s 06b4dfc7-99e2-39cd-aa1f-26bb5a369df2  |i a8bd19c1-c890-3070-a752-4ae04107b0f3  |t 0 
952 f f |p normal  |a Texas A&M University  |b College Station  |c Sterling C. Evans Library  |d Evans: Library Stacks  |t 0  |e PR2915 .R68 1987  |h Library of Congress classification  |i unmediated -- volume  |m A14811062842 
998 f f |a PR2915 .R68 1987  |t 0  |l Evans: Library Stacks